[Event "VIII Floripa Chess Open 2022 - LIRA - mesa 1 a 205 - HOTEL FAIAL - 206 a 246"]
[Site "Lira Tênis Clube - Florianópolis/SC"]
[Date "2022.01.27"]
[Round "5"]
[Board "119"]
[White "Correa, Joao Pedro Vieira"]
[Black "Santiago, Mauro"]
[Result "1-0"]
[WhiteElo "1864"]
[BlackElo "1602"]
[PlyCount "75"]
[EventDate "2022.01.24"]
[EventRounds "10"]
[EventCountry "BRA"]

1. e4 e5 2. Nf3 Nc6 3. Bb5 a6 4. Ba4 Nf6 5. O-O Be7 6. Re1 b5 7. Bb3 d6 8. c3
O-O 9. h3 Na5 10. Bc2 c5 11. d4 cxd4 12. cxd4 Qc7 13. b3 Nc6 14. a3 Bb7 15. Bb2
Rac8 16. Bd3 Rfd8 17. d5 Nb8 18. Nbd2 Qb6 19. Nf1 Nbd7 20. Ng3 Nc5 21. Bc2 Rc7
22. Rc1 b4 23. a4 Bc8 24. Nh2 g6 25. Qf3 Kg7 26. Bb1 h5 27. Nhf1 Nh7 28. Nd2
Ng5 29. Qe2 Qb7 30. Bc2 Bd7 31. f4 Nxh3+ 32. gxh3 Bxh3 33. fxe5 Kg8 34. Nc4 Bg5
35. exd6 Rcd7 36. Rcd1 Bf4 37. Bd4 Qc8 38. Nb6  1-0

[Event "VIII Floripa Chess Open 2022 - LIRA - mesa 1 a 205 - HOTEL FAIAL - 206 a 246"]
[Site "Lira Tênis Clube - Florianópolis/SC"]
[Date "2022.01.27"]
[Round "5"]
[Board "120"]
[White "Santillan, Julian"]
[Black "Lazzarotto, Marcio"]
[Result "0-1"]
[WhiteElo "1599"]
[BlackElo "1864"]
[PlyCount "72"]
[EventDate "2022.01.24"]
[EventRounds "10"]
[EventCountry "BRA"]

1. f4 c5 2. Nf3 Nf6 3. g3 g6 4. Bg2 Bg7 5. O-O Nc6 6. d3 O-O 7. Nc3 d6 8. e4
Nd4 9. Be3 Bg4 10. Bxd4 cxd4 11. Ne2 Qb6 12. Rb1 Be6 13. b3 Ng4 14. Qd2 Ne3 15.
Rfc1 Rac8 16. Kh1 Rc7 17. c4 dxc3 18. Nxc3 Rxc3 19. Rxc3 Bxc3 20. Qxc3 Rc8 21.
Qd4 Nxg2 22. Kxg2 Rc2+ 23. Kg1 Qxd4+ 24. Nxd4 Rxa2 25. Rc1 Bh3 26. Rc7 Rg2+ 27.
Kh1 Rd2 28. Kg1 Rxd3 29. Nb5 Rxb3 30. Rxb7 Rb2 31. e5 dxe5 32. Rxa7 Rxb5 33.
Rxe7 exf4 34. gxf4 Rb2 35. Re3 Be6 36. h4 Kg7  0-1

[Event "VIII Floripa Chess Open 2022 - LIRA - mesa 1 a 205 - HOTEL FAIAL - 206 a 246"]
[Site "Lira Tênis Clube - Florianópolis/SC"]
[Date "2022.01.27"]
[Round "5"]
[Board "121"]
[White "Moro, Antonio Renato Pereira"]
[Black "Moretto, Heitor Frainer"]
[Result "0-1"]
[WhiteElo "1853"]
[BlackElo "1587"]
[PlyCount "100"]
[EventDate "2022.01.24"]
[EventRounds "10"]
[EventCountry "BRA"]

1. f4 d5 2. Nf3 g6 3. e3 Bg7 4. d4 Nh6 5. Bd3 Bf5 6. Bb5+ c6 7. Be2 O-O 8. O-O
Nd7 9. c4 Bxb1 10. Rxb1 Nf5 11. b3 Nf6 12. Bd3 Nd6 13. Qe1 Nde4 14. Ng5 Qd7 15.
Ba3 h6 16. Nf3 a5 17. Ne5 Qe6 18. Rc1 Rfc8 19. Qh4 a4 20. b4 dxc4 21. Nxc4 Nd5
22. Rfe1 b5 23. Ne5 Ndc3 24. Rc2 f5 25. Qh3 Bxe5 26. fxe5 Kg7 27. Bb2 Ng5 28.
Qh4 Nxa2 29. d5 Qxd5 30. e6+ Kh7 31. Bd4 Nxb4 32. Rc5 Qxe6 33. Bb1 Nd5 34. e4
fxe4 35. Bxe4 Qf7 36. Rf1 Qg8 37. Ba1 b4 38. Bd3 b3 39. Bb2 a3 40. Bc1 Kg7 41.
Bxg5 hxg5 42. Qxg5 Qe6 43. Kh1 a2 44. Rcc1 b2 45. Rce1 Qd6 46. Rf3 a1=Q 47. Bb1
Rh8 48. h3 Qa5 49. Ref1 Rhf8 50. Qxg6+ Qxg6  0-1

[Event "VIII Floripa Chess Open 2022 - LIRA - mesa 1 a 205 - HOTEL FAIAL - 206 a 246"]
[Site "Lira Tênis Clube - Florianópolis/SC"]
[Date "2022.01.27"]
[Round "5"]
[Board "122"]
[White "Felix, Raimundo Nascimento"]
[Black "Munhoz, Joao Pedro"]
[Result "1-0"]
[WhiteElo "1849"]
[BlackElo "1550"]
[PlyCount "81"]
[EventDate "2022.01.24"]
[EventRounds "10"]
[EventCountry "BRA"]

1. c4 c5 2. Nc3 Nc6 3. g3 g6 4. Nf3 Bg7 5. Bg2 Nf6 6. O-O d5 7. cxd5 Nxd5 8.
Nxd5 Qxd5 9. Ne1 Qd6 10. Nd3 O-O 11. Qc2 b6 12. Rb1 Bb7 13. Qd1 Qd7 14. Nf4 e5
15. Nd5 Nd4 16. e4 Rae8 17. d3 f5 18. Be3 Bxd5 19. exd5 f4 20. Bxd4 exd4 21.
Be4 Re7 22. g4 Rxe4 23. dxe4 f3 24. Kh1 Qxg4 25. Rg1 Qh4 26. Qf1 Be5 27. h3 Qf4
28. Rg3 Qxe4 29. Re1 Qxd5 30. Rg5 Rf5 31. Rxf5 gxf5 32. Qa6 Qe6 33. Qxa7 Qh6
34. Qa8+ Kf7 35. Qb7+ Kf8 36. Qc8+ Kf7 37. Qxf5+ Bf6 38. Qd7+ Kg6 39. Rg1+ Bg5
40. Qg4 Kf6 41. Qxf3+  1-0

[Event "VIII Floripa Chess Open 2022 - LIRA - mesa 1 a 205 - HOTEL FAIAL - 206 a 246"]
[Site "Lira Tênis Clube - Florianópolis/SC"]
[Date "2022.01.27"]
[Round "5"]
[Board "123"]
[White "Decezare, Jucian Kaue"]
[Black "Ribeiro, Pablyto Robert Baioco"]
[Result "1-0"]
[WhiteElo "1570"]
[BlackElo "1849"]
[PlyCount "45"]
[EventDate "2022.01.24"]
[EventRounds "10"]
[EventCountry "BRA"]

1. e4 e6 2. d3 d5 3. Qe2 dxe4 4. dxe4 e5 5. Nf3 Nc6 6. Nc3 Nf6 7. Bg5 Be7 8.
Qb5 Bd7 9. Nxe5 Nd4 10. Qd3 Ne6 11. Be3 O-O 12. O-O-O Bd6 13. Nxd7 Nxd7 14. f3
a6 15. h4 Nf4 16. Qd2 Nh5 17. Bc4 Ne5 18. Bb3 Ng3 19. Rh3 Ng6 20. h5 Nh4 21.
Bg5 Nxf3 22. gxf3 Qd7 23. Rxg3  1-0

[Event "VIII Floripa Chess Open 2022 - LIRA - mesa 1 a 205 - HOTEL FAIAL - 206 a 246"]
[Site "Lira Tênis Clube - Florianópolis/SC"]
[Date "2022.01.27"]
[Round "5"]
[Board "124"]
[White "Borges, Lucas Silvestre"]
[Black "Japiassu, Glauco Antonio Bezerra"]
[Result "1-0"]
[WhiteElo "1841"]
[BlackElo "1544"]
[PlyCount "55"]
[EventDate "2022.01.24"]
[EventRounds "10"]
[EventCountry "BRA"]

1. d4 e6 2. Nf3 d5 3. Bf4 f5 4. e3 c6 5. c4 Nf6 6. Nc3 Bd6 7. Ne5 O-O 8. Be2
Ne4 9. h4 Bb4 10. Qb3 Qa5 11. Rc1 Nd7 12. f3 Nef6 13. a3 Bxc3+ 14. bxc3 Nxe5
15. Bxe5 Qb6 16. Qc2 Qd8 17. Rb1 Nd7 18. f4 Nxe5 19. dxe5 Qa5 20. Qc1 Qc5 21.
cxd5 cxd5 22. c4 dxc4 23. Bxc4 Qa5+ 24. Kf2 b6 25. Rd1 Qc5 26. Rd6 Re8 27. Rb5
Qc7 28. Bxe6+  1-0

[Event "VIII Floripa Chess Open 2022 - LIRA - mesa 1 a 205 - HOTEL FAIAL - 206 a 246"]
[Site "Lira Tênis Clube - Florianópolis/SC"]
[Date "2022.01.27"]
[Round "5"]
[Board "125"]
[White "Miranda Pereira, Emmanuel"]
[Black "Dias, Marcelo De Souza"]
[Result "0-1"]
[WhiteElo "1557"]
[BlackElo "1840"]
[PlyCount "80"]
[EventDate "2022.01.24"]
[EventRounds "10"]
[EventCountry "BRA"]

1. d4 g6 2. Bf4 Bg7 3. e3 Nf6 4. Nf3 Nh5 5. Be5 f6 6. Bg3 Nxg3 7. hxg3 d5 8.
Nc3 c6 9. Qd2 Nd7 10. Na4 e5 11. dxe5 fxe5 12. O-O-O b5 13. Nc3 Nb6 14. e4 d4
15. Nxb5 cxb5 16. Bxb5+ Bd7 17. Qb4 Bxb5 18. Qxb5+ Qd7 19. Qb4 Rc8 20. b3 Qc6
21. Ne1 a5 22. Qd2 a4 23. Qg5 axb3 24. axb3 Qxe4 25. Rh4 Qf5 26. Qd2 O-O 27.
Nd3 Nd5 28. Rdh1 e4 29. g4 Qf7 30. Ne1 Qf4 31. Qxf4 Rxf4 32. f3 h6 33. g3 Rf7
34. fxe4 Ne3 35. Kd2 Rfc7 36. c4 Rb7 37. g5 hxg5 38. R4h3 Rxb3 39. Nc2 Rb2 40.
Kc1 Rxc2+  0-1

[Event "VIII Floripa Chess Open 2022 - LIRA - mesa 1 a 205 - HOTEL FAIAL - 206 a 246"]
[Site "Lira Tênis Clube - Florianópolis/SC"]
[Date "2022.01.27"]
[Round "5"]
[Board "126"]
[White "Maia, Jonathan Cesar"]
[Black "Dos Santos, Lucas Carvalho Ribeiro"]
[Result "1/2-1/2"]
[WhiteElo "1832"]
[BlackElo "1542"]
[PlyCount "88"]
[EventDate "2022.01.24"]
[EventRounds "10"]
[EventCountry "BRA"]

1. d4 Nf6 2. Bf4 e6 3. e3 Be7 4. Nd2 d5 5. Bd3 O-O 6. Ngf3 Nbd7 7. Ne5 c5 8. c3
c4 9. Bc2 Nxe5 10. dxe5 Nd7 11. Qh5 f5 12. g4 Qe8 13. Qxe8 Rxe8 14. gxf5 exf5
15. Bxf5 Nxe5 16. Bxh7+ Kxh7 17. Bxe5 Bf5 18. Rg1 g6 19. Bf4 Bf6 20. Nf3 b5 21.
a3 a5 22. Kd2 b4 23. Nd4 Bd3 24. Nc2 Rf8 25. axb4 Bxc2 26. Kxc2 axb4 27. Bd6
Rxa1 28. Rxa1 b3+ 29. Kd2 Rf7 30. Bg3 g5 31. Ke2 g4 32. Rd1 Rd7 33. f3 Ra7 34.
Rb1 Bxc3 35. bxc3 Ra2+ 36. Ke1 gxf3 37. Bf4 b2 38. Kf2 Ra3 39. Be5 Rb3 40. Kxf3
Kg6 41. e4 Rb5 42. exd5 Rxd5 43. Bd4 Rxd4 44. Rxb2 Rd3+  1/2-1/2

[Event "VIII Floripa Chess Open 2022 - LIRA - mesa 1 a 205 - HOTEL FAIAL - 206 a 246"]
[Site "Lira Tênis Clube - Florianópolis/SC"]
[Date "2022.01.27"]
[Round "5"]
[Board "127"]
[White "Gomes, Carlos"]
[Black "Nunes, Agatha Hurba"]
[Result "0-1"]
[WhiteElo "1554"]
[BlackElo "1828"]
[PlyCount "52"]
[EventDate "2022.01.24"]
[EventRounds "10"]
[EventCountry "BRA"]

1. e4 e6 2. d3 d5 3. Nd2 Nf6 4. Ngf3 c5 5. c3 Nc6 6. g3 Be7 7. Bg2 O-O 8. O-O
b5 9. Qc2 Qb6 10. Re1 a5 11. Nf1 Bb7 12. Bg5 d4 13. cxd4 cxd4 14. e5 Nd5 15.
Bxe7 Ndxe7 16. Nh4 Rac8 17. Qd2 Rc7 18. Rac1 Rfc8 19. a3 Ba6 20. b4 axb4 21.
axb4 Nxe5 22. Rxc7 Qxc7 23. Nf3 Nxf3+ 24. Bxf3 Bb7 25. Bxb7 Qxb7 26. Rc1 Nd5
 0-1

[Event "VIII Floripa Chess Open 2022 - LIRA - mesa 1 a 205 - HOTEL FAIAL - 206 a 246"]
[Site "Lira Tênis Clube - Florianópolis/SC"]
[Date "2022.01.27"]
[Round "5"]
[Board "129"]
[White "Da Rosa, Henrique Jaze Simoes"]
[Black "Fiorindo Pereira, Guilherme"]
[Result "1-0"]
[WhiteElo "1824"]
[BlackElo "1502"]
[PlyCount "49"]
[EventDate "2022.01.24"]
[EventRounds "10"]
[EventCountry "BRA"]

1. Nf3 d5 2. c4 d4 3. b4 g6 4. g3 Bg7 5. d3 a6 6. Bg2 e5 7. Nbd2 Nc6 8. Rb1 Be6
9. Ne4 Nf6 10. Nc5 Bc8 11. O-O b6 12. Qa4 Bd7 13. Nxd7 Qxd7 14. b5 Na5 15. Nxe5
Qc8 16. Bxa8 Qxa8 17. bxa6+ Ke7 18. c5 Qd5 19. cxb6 cxb6 20. Rxb6 Qxe5 21. Rb5
Qxe2 22. Qxa5 Qf3 23. Ba3+ Kd7 24. Rb7+ Ke6 25. Re7#  1-0

[Event "VIII Floripa Chess Open 2022 - LIRA - mesa 1 a 205 - HOTEL FAIAL - 206 a 246"]
[Site "Lira Tênis Clube - Florianópolis/SC"]
[Date "2022.01.27"]
[Round "5"]
[Board "130"]
[White "Brambilla, Renee Blandy T."]
[Black "De Oliveira, Marlon Joshua"]
[Result "0-1"]
[WhiteElo "1536"]
[BlackElo "1824"]
[PlyCount "78"]
[EventDate "2022.01.24"]
[EventRounds "10"]
[EventCountry "BRA"]

1. d4 Nf6 2. c4 g6 3. Nc3 Bg7 4. e4 d6 5. Nf3 O-O 6. Be2 Nbd7 7. O-O e5 8. Be3
Re8 9. d5 Ng4 10. Bd2 Nc5 11. b4 Na6 12. Ne1 f5 13. Nd3 fxe4 14. Nxe4 Bf5 15.
f3 Nf6 16. Bg5 h6 17. Nxf6+ Bxf6 18. Bxh6 Kh7 19. Bd2 e4 20. fxe4 Rxe4 21. Nf2
Bxa1 22. Nxe4 Bd4+ 23. Nf2 Qh4 24. Be1 Rh8 25. Kh1 Be5 26. Ng4 Qe7 27. Nxe5
Qxe5 28. Bd3 Kg7 29. Bg3 Qxg3 30. Qa1+ Qe5 31. Bxf5 Qxa1 32. Rxa1 gxf5 33. a3
Rh4 34. Rc1 Re4 35. Kg1 c6 36. b5 cxb5 37. cxb5 Nc5 38. Rc3 Re1+ 39. Kf2 Ne4+
 0-1

[Event "VIII Floripa Chess Open 2022 - LIRA - mesa 1 a 205 - HOTEL FAIAL - 206 a 246"]
[Site "Lira Tênis Clube - Florianópolis/SC"]
[Date "2022.01.27"]
[Round "5"]
[Board "131"]
[White "Paniago, Lucio Erloiny Silva"]
[Black "Jenidarchiche, Douglas Rodrigo"]
[Result "0-1"]
[WhiteElo "1508"]
[BlackElo "1811"]
[PlyCount "46"]
[EventDate "2022.01.24"]
[EventRounds "10"]
[EventCountry "BRA"]

1. e4 e5 2. Nf3 Nc6 3. Bc4 Bc5 4. c3 Nf6 5. d3 a5 6. O-O h6 7. a4 d6 8. Nbd2
O-O 9. Re1 Ne7 10. Nf1 c6 11. Ng3 Ng6 12. Ba2 Be6 13. Bxe6 fxe6 14. Qb3 Qe7 15.
d4 exd4 16. Nxd4 Rae8 17. Be3 Kh8 18. Nc2 Ng4 19. Bxc5 dxc5 20. f3 Nxh2 21.
Kxh2 Qh4+ 22. Kg1 Qxg3 23. Kf1 Nf4  0-1

[Event "VIII Floripa Chess Open 2022 - LIRA - mesa 1 a 205 - HOTEL FAIAL - 206 a 246"]
[Site "Lira Tênis Clube - Florianópolis/SC"]
[Date "2022.01.27"]
[Round "5"]
[Board "132"]
[White "Dull, Amanda Paul"]
[Black "De Ramos, Mitzi Vedan"]
[Result "1/2-1/2"]
[WhiteElo "1810"]
[BlackElo "1462"]
[PlyCount "126"]
[EventDate "2022.01.24"]
[EventRounds "10"]
[EventCountry "BRA"]

1. d4 Nf6 2. Nf3 g6 3. Bg5 Bg7 4. c3 O-O 5. Nbd2 d5 6. e3 c5 7. Be2 Nc6 8. O-O
Bf5 9. Nb3 Ne4 10. Bh4 Qd6 11. Rc1 Rfd8 12. Nfd2 b6 13. Nxe4 Bxe4 14. Nd2 Bf5
15. Re1 Rd7 16. Nf3 e5 17. Bg3 a6 18. dxe5 Nxe5 19. Nxe5 Bxe5 20. Bxe5 Qxe5 21.
Qa4 Raa7 22. Qh4 Re7 23. Rcd1 Ra8 24. h3 Rae8 25. a3 Qd6 26. Bxa6 d4 27. cxd4
Re4 28. Qh6 cxd4 29. Bd3 R4e5 30. Bxf5 Rxf5 31. exd4 Rd8 32. Re2 Rd5 33. Re4
Rh5 34. Qe3 Qc6 35. Rc1 Qb5 36. Rc7 Rf5 37. b4 Qd5 38. Re8+ Kg7 39. Rc8 Rxc8
40. Rxc8 Rg5 41. f3 Qf5 42. Rc1 Rg3 43. Kf2 Qg5 44. Qe5+ Qxe5 45. dxe5 Rg5 46.
f4 Rf5 47. Ke3 g5 48. g3 gxf4+ 49. gxf4 Rh5 50. Rg1+ Kf8 51. Rg3 Ke7 52. Ke4
Ke6 53. Rc3 b5 54. f5+ Kd7 55. Kf4 Rh4+ 56. Kg5 Re4 57. Kf6 Rf4 58. Rd3+ Kc6
59. e6 fxe6 60. Kxe6 Re4+ 61. Kf7 Re1 62. f6 Rg1 63. Kf8 Re1  1/2-1/2

[Event "VIII Floripa Chess Open 2022 - LIRA - mesa 1 a 205 - HOTEL FAIAL - 206 a 246"]
[Site "Lira Tênis Clube - Florianópolis/SC"]
[Date "2022.01.27"]
[Round "5"]
[Board "133"]
[White "Vieira, Jose Renato Braga S."]
[Black "Elesbao, Bernardo Dartora"]
[Result "1-0"]
[WhiteElo "1805"]
[BlackElo "1385"]
[PlyCount "59"]
[EventDate "2022.01.24"]
[EventRounds "10"]
[EventCountry "BRA"]

1. e4 c5 2. Nf3 e6 3. b3 Nc6 4. Bb2 d6 5. c4 Nf6 6. Nc3 Be7 7. Be2 O-O 8. d4
cxd4 9. Nxd4 Nxd4 10. Qxd4 b6 11. O-O Bb7 12. Rad1 Nd7 13. Kh1 e5 14. Qd2 Nc5
15. f4 f6 16. Bf3 Ne6 17. Nd5 Kh8 18. f5 Bxd5 19. Qxd5 Nc7 20. Rd2 Rg8 21. Bd1
Rc8 22. b4 Na6 23. a3 Qc7 24. Be2 Nb8 25. Rc1 Rgd8 26. Rc3 Nc6 27. Rh3 Bf8 28.
Rxh7+ Kxh7 29. Rd3 g6 30. fxg6+  1-0

[Event "VIII Floripa Chess Open 2022 - LIRA - mesa 1 a 205 - HOTEL FAIAL - 206 a 246"]
[Site "Lira Tênis Clube - Florianópolis/SC"]
[Date "2022.01.27"]
[Round "5"]
[Board "134"]
[White "Constantino, Pedro Henrique"]
[Black "Gobbo Junior, Jose Arildo"]
[Result "1-0"]
[WhiteElo "1500"]
[BlackElo "1799"]
[PlyCount "113"]
[EventDate "2022.01.24"]
[EventRounds "10"]
[EventCountry "BRA"]

1. e4 c5 2. Nf3 Nc6 3. c3 Nf6 4. Bd3 e5 5. O-O Be7 6. Bc2 d5 7. exd5 Qxd5 8. d3
Bg4 9. Nbd2 O-O 10. Qe2 Rfe8 11. Re1 Rad8 12. h3 Bh5 13. Ne4 Qd7 14. Ng3 Bg6
15. Rd1 Qc7 16. Nh4 Nd5 17. Nxg6 hxg6 18. Qf3 Bf6 19. Ne4 Nce7 20. c4 Nf4 21.
Nxf6+ gxf6 22. Bxf4 exf4 23. Ba4 Rf8 24. h4 Nf5 25. h5 g5 26. Qh3 Qc8 27. a3
Nh4 28. Qxc8 Rxc8 29. b4 b6 30. Rab1 Rb8 31. d4 cxd4 32. Rxd4 Rfd8 33. Rbd1
Rxd4 34. Rxd4 Nf5 35. Rd7 a5 36. c5 bxc5 37. bxc5 g4 38. c6 Rb1+ 39. Rd1 Rxd1+
40. Bxd1 Ne7 41. c7 f5 42. Ba4 Kg7 43. Bd7 Kh6 44. c8=Q Nxc8 45. Bxc8 Kxh5 46.
Bxf5 Kg5 47. Be4 f5 48. Bc6 Kf6 49. Kf1 Ke5 50. Ke2 Kd6 51. Ba8 Kc5 52. Kd3 Kd6
53. Kc4 Ke6 54. Kb5 Ke5 55. Kxa5 g3 56. fxg3 fxg3 57. Bf3  1-0

[Event "VIII Floripa Chess Open 2022 - LIRA - mesa 1 a 205 - HOTEL FAIAL - 206 a 246"]
[Site "Lira Tênis Clube - Florianópolis/SC"]
[Date "2022.01.27"]
[Round "5"]
[Board "135"]
[White "Da Silva, Joao Carlos Orguim"]
[Black "Bittencourt, Arian G Decezare"]
[Result "1-0"]
[WhiteElo "1794"]
[BlackElo "1316"]
[PlyCount "75"]
[EventDate "2022.01.24"]
[EventRounds "10"]
[EventCountry "BRA"]

1. e4 e5 2. c4 c5 3. Nc3 g6 4. d3 Bg7 5. g3 Ne7 6. Bg2 O-O 7. Nge2 f5 8. O-O
Nbc6 9. Be3 d6 10. Qd2 Nd4 11. Bh6 fxe4 12. dxe4 Nf3+ 13. Bxf3 Rxf3 14. Bxg7
Kxg7 15. Kg2 Rf6 16. Nd5 Nxd5 17. Qxd5 Rb8 18. h3 Be6 19. Qd3 Qd7 20. Ng1 Rbf8
21. f3 g5 22. g4 h5 23. Ne2 Qf7 24. Ng3 hxg4 25. hxg4 Bxc4 26. Nh5+ Kg6 27. Qa3
Bxf1+ 28. Rxf1 Re6 29. Qxa7 Ree8 30. Qb6 Rd8 31. Ng3 Rd7 32. Nf5 Qxa2 33. Rh1
Rxf5 34. gxf5+ Kg7 35. Qb5 Re7 36. Qb6 Qa6 37. Qd8 Qe2+ 38. Kg3  1-0

[Event "VIII Floripa Chess Open 2022 - LIRA - mesa 1 a 205 - HOTEL FAIAL - 206 a 246"]
[Site "Lira Tênis Clube - Florianópolis/SC"]
[Date "2022.01.27"]
[Round "5"]
[Board "136"]
[White "Souza, Neurismar Da Rocha"]
[Black "Dos Santos, Rafael Goncalves"]
[Result "0-1"]
[WhiteElo "1490"]
[BlackElo "1794"]
[PlyCount "78"]
[EventDate "2022.01.24"]
[EventRounds "10"]
[EventCountry "BRA"]

1. d4 f5 2. Nf3 Nf6 3. b3 b6 4. Bb2 Bb7 5. e3 d6 6. Be2 Nbd7 7. Nbd2 e6 8. O-O
Be7 9. Ng5 Nf8 10. Bc4 d5 11. Bb5+ c6 12. Be2 h6 13. Ngf3 N8d7 14. Ne5 Nxe5 15.
dxe5 Ne4 16. Bh5+ Kd7 17. c4 Rc8 18. Rc1 Nxd2 19. Qxd2 Kc7 20. cxd5 exd5 21.
Rfd1 Kb8 22. a4 a5 23. Qd4 Bc5 24. Qf4 Qg5 25. Bf7 Qxf4 26. exf4 Rcd8 27. e6 d4
28. Re1 Be7 29. Re5 c5 30. f3 Rd5 31. Kf2 Rxe5 32. fxe5 Bd5 33. b4 axb4 34. Ke2
Rd8 35. Bg6 Bxe6 36. Ra1 c4 37. a5 d3+ 38. Kd1 c3 39. Bc1 c2+  0-1

[Event "VIII Floripa Chess Open 2022 - LIRA - mesa 1 a 205 - HOTEL FAIAL - 206 a 246"]
[Site "Lira Tênis Clube - Florianópolis/SC"]
[Date "2022.01.27"]
[Round "5"]
[Board "137"]
[White "Martins De Aguiar, Marina"]
[Black "Cabral, Vivian De Paiva"]
[Result "1-0"]
[WhiteElo "1793"]
[BlackElo "1295"]
[PlyCount "63"]
[EventDate "2022.01.24"]
[EventRounds "10"]
[EventCountry "BRA"]

1. e4 c5 2. Nf3 d6 3. d4 cxd4 4. Nxd4 Nf6 5. Nc3 a6 6. Be3 e5 7. Nb3 Be6 8. Qd2
Be7 9. f3 b5 10. g4 O-O 11. g5 Nh5 12. O-O-O Nc6 13. Kb1 f5 14. exf5 Rxf5 15.
Bh3 Rf8 16. Bxe6+ Kh8 17. Nd5 a5 18. Nxe7 Qxe7 19. Qxd6 Qxd6 20. Rxd6 Nd8 21.
Bg4 Nf4 22. Bxf4 Rxf4 23. Rhd1 Nf7 24. Rd7 Nxg5 25. Rd8+ Rf8 26. Rxf8+ Rxf8 27.
h4 Nf7 28. Nxa5 g6 29. Nc6 Kg7 30. h5 Ng5 31. hxg6 hxg6 32. Nxe5  1-0

[Event "VIII Floripa Chess Open 2022 - LIRA - mesa 1 a 205 - HOTEL FAIAL - 206 a 246"]
[Site "Lira Tênis Clube - Florianópolis/SC"]
[Date "2022.01.27"]
[Round "5"]
[Board "140"]
[White "Feller, Isadora Cristina Vicente"]
[Black "Ribeiro Carrico, Victor Hugo"]
[Result "1-0"]
[WhiteElo "1244"]
[BlackElo "1787"]
[PlyCount "82"]
[EventDate "2022.01.24"]
[EventRounds "10"]
[EventCountry "BRA"]

1. e4 e5 2. Nf3 Nc6 3. d4 exd4 4. Nxd4 Bc5 5. Be3 Qf6 6. Nf5 Qxb2 7. Nd2 Bxe3
8. Nxe3 Nf6 9. Bc4 Qd4 10. Nf5 Qc3 11. O-O O-O 12. Bb3 d5 13. exd5 Bxf5 14.
dxc6 Qxc6 15. Nc4 Rad8 16. Qe2 Rfe8 17. Ne5 Rd7 18. Nxc6 Rxe2 19. Nb4 b5 20. a4
c5 21. Na6 c4 22. Ba2 Rd6 23. axb5 c3 24. Bc4 Rxc2 25. Nb4 Rcd2 26. Rxa7 Be6
27. Bd3 g6 28. Bc2 Bc4 29. Re1 Bxb5 30. h3 R6d4 31. Bb3 Rxb4 32. Bxf7+ Kg7 33.
g4 Kh6 34. g5+ Kxg5 35. Rc7 c2 36. Kg2 Rb2 37. Rc1 Ne4 38. Kf3 Nxf2 39. Ke3 Nd3
40. Rg1+ Kf6 41. Bg8 Rf2 {illegivel}  1-0

[Event "VIII Floripa Chess Open 2022 - LIRA - mesa 1 a 205 - HOTEL FAIAL - 206 a 246"]
[Site "Lira Tênis Clube - Florianópolis/SC"]
[Date "2022.01.27"]
[Round "5"]
[Board "141"]
[White "Marques Junior, Marcos Antonio"]
[Black "Spieker, Otavio Schmidt"]
[Result "1-0"]
[WhiteElo "1787"]
[BlackElo "1079"]
[PlyCount "53"]
[EventDate "2022.01.24"]
[EventRounds "10"]
[EventCountry "BRA"]

1. e4 e5 2. Nf3 Nc6 3. Bc4 Bc5 4. c3 d6 5. O-O h6 6. d4 exd4 7. cxd4 Bb6 8. h3
Nge7 9. Nc3 a6 10. Be3 Ba7 11. Qd2 Ng6 12. Rfe1 Nh4 13. Nxh4 Qxh4 14. Nd5 Bb8
15. e5 dxe5 16. Rac1 O-O 17. dxe5 Be6 18. Bb3 Rd8 19. g3 Qxh3 20. Rxc6 Bxd5 21.
Bxd5 Kh8 22. Bxh6 bxc6 23. Bxg7+ Kg8 24. Qg5 Qh7 25. Bh6+ Kh8 26. Qf6+ Kg8 27.
Qxd8#  1-0

[Event "VIII Floripa Chess Open 2022 - LIRA - mesa 1 a 205 - HOTEL FAIAL - 206 a 246"]
[Site "Lira Tênis Clube - Florianópolis/SC"]
[Date "2022.01.27"]
[Round "5"]
[Board "144"]
[White "Andrade De Oliveira, Rafael Eduardo"]
[Black "Dos Santos, Gustavo Mota"]
[Result "0-1"]
[WhiteElo "1179"]
[BlackElo "1782"]
[PlyCount "100"]
[EventDate "2022.01.24"]
[EventRounds "10"]
[EventCountry "BRA"]

1. e4 e6 2. d4 d5 3. e5 c5 4. c3 Nc6 5. Nf3 Qb6 6. a3 c4 7. Nbd2 Na5 8. Be2 Bd7
9. O-O Ne7 10. Rb1 Nc8 11. b4 cxb3 12. Nxb3 Ba4 13. Nfd2 Qc7 14. Qc2 Nb6 15.
Qb2 Bxb3 16. Bb5+ Kd8 17. Nxb3 Nac4 18. Qa2 a6 19. Bxc4 Qxc4 20. Qc2 Qa4 21.
Na1 Qxc2 22. Nxc2 Kc7 23. Ne3 Na4 24. c4 dxc4 25. Nxc4 b5 26. Ne3 Nc3 27. Rb2
Kb7 28. Rc2 Rc8 29. Bb2 Na4 30. Rxc8 Kxc8 31. Bc1 Nc3 32. Bb2 Na4 33. Bc1 Nb6
34. Bb2 Be7 35. Ra1 Kb7 36. f4 Rc8 37. Rc1 Nc4 38. Nxc4 bxc4 39. Kf2 Kb6 40.
Rc3 Kb5 41. Bc1 Bd8 42. Bb2 Ba5 43. Rc1 Ka4 44. Bc3 Bxc3 45. Rxc3 Kb5 46. g4 h5
47. g5 f6 48. gxf6 gxf6 49. exf6 Rf8 50. a4+ Kb4  0-1

[Event "VIII Floripa Chess Open 2022 - LIRA - mesa 1 a 205 - HOTEL FAIAL - 206 a 246"]
[Site "Lira Tênis Clube - Florianópolis/SC"]
[Date "2022.01.27"]
[Round "5"]
[Board "149"]
[White "Arantes, Carlos Eduardo Goncalves"]
[Black "Costa, Ricardo Santos"]
[Result "1/2-1/2"]
[WhiteElo "1779"]
[BlackElo "1762"]
[PlyCount "75"]
[EventDate "2022.01.24"]
[EventRounds "10"]
[EventCountry "BRA"]

1. e4 c5 2. Nf3 Nc6 3. c3 d6 4. d4 cxd4 5. cxd4 e6 6. Bd3 Nf6 7. O-O Be7 8. Nc3
O-O 9. Re1 e5 10. d5 Nb8 11. h3 Nbd7 12. Be3 Re8 13. Ne2 a6 14. Ng3 Nf8 15. Qb3
b5 16. a4 Rb8 17. axb5 axb5 18. Ra7 Bd7 19. Qb4 Ng6 20. Ra5 Ra8 21. Rea1 Rxa5
22. Rxa5 Qc7 23. Bxb5 Rb8 24. Qa4 Bd8 25. Bd2 Bxb5 26. Rxb5 Qd7 27. Rb4 Qxa4
28. Rxa4 h5 29. Bc3 Nf4 30. Nf5 Ne2+ 31. Kh2 Nxc3 32. bxc3 Bc7 33. Rc4 Ne8 34.
Rc6 g6 35. Ne3 Rb3 36. h4 Kf8 37. Ng5 Ke7 38. Nc4  1/2-1/2

[Event "VIII Floripa Chess Open 2022 - LIRA - mesa 1 a 205 - HOTEL FAIAL - 206 a 246"]
[Site "Lira Tênis Clube - Florianópolis/SC"]
[Date "2022.01.27"]
[Round "5"]
[Board "150"]
[White "Almeida Junior, Alvaro Alves De"]
[Black "Ramazzotte, Maicon Zilli"]
[Result "0-1"]
[WhiteElo "2120"]
[BlackElo "1482"]
[PlyCount "65"]
[EventDate "2022.01.24"]
[EventRounds "10"]
[EventCountry "BRA"]

1. e4 c5 2. Nf3 e6 3. d4 cxd4 4. Nxd4 Nf6 5. Nc3 Bb4 6. Bd3 a6 7. O-O d5 8. e5
Nfd7 9. Qg4 Bf8 10. f4 g6 11. Be3 Bc5 12. Qg3 Nc6 13. Nxc6 Bxe3+ 14. Qxe3 bxc6
15. Na4 Qa5 16. b3 c5 17. g4 Qc7 18. Rae1 d4 19. Qf3 Rb8 20. Nb2 Nb6 21. f5
gxf5 22. gxf5 Rg8+ 23. Kh1 Bb7 24. Be4 Bxe4 25. Qxe4 Qb7 26. Qxb7 Rxb7 27. f6
Kd7 28. Rg1 Rg6 29. Nd3 Kc6 30. Re4 Rxg1+ 31. Kxg1 Kb5 32. Rg4 Nd5 33. Rg7 {
illegivel}  0-1